000 00738nam a2200241 4500
001 144456
003 ES-MaACL
005 20250829074216.0
007 t|
008 070214s1977 sp r ||||1| spa d
020 _a84-7214-105-5
245 0 3 _aEl sistema solar /
_c[traducción del inglés, Alfredo Arche Miralles].
250 _a1ª ed.
260 _aMadrid :
_bH. Blume,
_c1977.
300 _a182 p. :
_bil. col. y n. ;
_c28 cm.
490 1 _aSelecciones de Scientific American
651 7 _aSistema solar
_2
_9172024
700 1 _aArche Miralles, Alfredo.
_922479
710 2 _aScientific American.
_96515
830 1 _aSelecciones de Scientific American
_9181289
852 _aES-MaACL
_jA-7039
999 _c144456
_d144456